Derecho penal económico

Saved in:
Bibliografiske detaljer
Main Authors: Bajo Fernández, Miguel (Author), Bacigalupo Saggese, Silvina (Author)
Format: Bog
Sprog:spansk
Udgivet: Madrid Centro de Estudios Ramón Areces 2001
Serier:Colección Ceura
Fag:
Tags: Tilføj Tag
Ingen Tags, Vær først til at tagge denne postø!

MARC

LEADER 00000nam a2200000 a 4500
001 UCN7595
003 CL-VaPUC
008 011018e20010000SP |||||||||||||||||spa|d
082 0 4 |a 345  |b BAJ  |2 21 
100 0 |a Bajo Fernández, Miguel  |e author  |9 463543 
700 0 |a Bacigalupo Saggese, Silvina  |e author  |9 463544 
245 1 0 |a Derecho penal económico 
300 |a 704 p 
942 |c BK 
945 |d 20011018 00:00:00  |a vberengu 
260 |a Madrid  |b Centro de Estudios Ramón Areces  |c 2001 
650 7 |a DELITOS CONTRA LA HACIENDA PUBLICA  |2 CL-VaPUC  |9 463545 
650 0 |a Responsabilidad penal  |9 254899 
650 0 |a Personas jurídicas  |9 257259 
650 0 |a Delitos económicos   |9 255899 
583 |a last modification  |c 20190722 11:50:37  |k Rodrigo Vera 
490 0 |a Colección Ceura 
999 |c 297836  |d 297834 
952 |0 0  |1 0  |4 0  |6 345_000000000000000_BAJ_2001  |7 0  |8 A  |9 352849  |a BIBDER  |b BIBDER  |d 2019-11-21  |i 3760340  |l 1  |o 345 BAJ 2001  |p 3760340  |r 2023-01-25  |s 2022-06-06  |w 2019-11-21  |y BK  |k DER 
952 |0 0  |1 0  |4 0  |6 345_000000000000000_BAJ_2001  |7 0  |8 A  |9 352850  |a BIBDER  |b BIBDER  |d 2019-11-21  |i 4021398  |l 1  |o 345 BAJ 2001  |p 4021398  |r 2023-01-25  |s 2022-06-07  |w 2019-11-21  |y BK  |k DER